[Event "Baku op"]
[Site "Baku"]
[Date "2023.05.09"]
[Round "6"]
[White "Mohamed, Anees M"]
[Black "Kazimova, Narmin Nizami Qizi"]
[Result "1-0"]
[WhiteElo "2317"]
[BlackElo "2174"]
[PlyCount "91"]
[EventDate "2023.05.04"]
[EventType "swiss"]
[EventRounds "9"]
[EventCountry "AZE"]
[SourceTitle "CBM 214 Extra"]
[Source "ChessBase"]
[SourceDate "2023.07.31"]
[SourceVersion "1"]
[SourceVersionDate "2023.07.31"]
[SourceQuality "1"]

1. e4 c5 2. Nf3 e6 3. d4 cxd4 4. Nxd4 Nc6 5. Nc3 Qc7 6. g3 a6 7. Bg2 Nf6 8. 0-0 Bc5 9. Nb3 Ba7 10. Qe2 d6 11. Nd1 Bd7 12. Be3 Ne5 13. a4 0-0 14. Bxa7 Rxa7 15. Ne3 b5 16. Nd4 bxa4 17. f4 Neg4 18. Nxg4 Nxg4 19. Qxg4 Qb6 20. Qd1 e5 21. c3 exd4 22. Qxd4 Qxd4+ 23. cxd4 Rb8 24. Rf2 Rab7 25. Ra2 Rb4 26. Rd2 f6 27. Kf2 Kf7 28. Bf3 Be6 29. d5 Bd7 30. Ke3 Rb3+ 31. Kf2 R3b4 32. Rc2 R8b7 33. Ke2 Bb5+ 34. Ke3 Bc4 35. Ra3 Bb3 36. Rc6 R4b6 37. e5 fxe5 38. fxe5 Rxc6 39. e6+ Ke7 40. dxc6 Rc7 41. Kd4 Kxe6 42. Bd5+ Bxd5 43. Re3+ Be4 44. Rxe4+ Kf7 45. Kd5 Re7 46. Rc4 1-0

[Event "Sousse BICA op 1st"]
[Site "Sousse"]
[Date "2021.12.25"]
[Round "3"]
[White "Iasman, Inna"]
[Black "Kazimova, Narmin Nizami Qizi"]
[Result "0-1"]
[WhiteElo "1808"]
[BlackElo "2183"]
[PlyCount "54"]
[EventDate "2021.12.24"]
[EventType "swiss"]
[EventRounds "9"]
[EventCountry "TUN"]
[SourceTitle "CBM 205 Extra"]
[Source "ChessBase"]
[SourceDate "2022.01.31"]
[SourceVersion "1"]
[SourceVersionDate "2022.01.31"]
[SourceQuality "1"]

1. d4 e6 2. c4 b6 3. Nf3 Bb7 4. g3 Nf6 5. Bg2 Bb4+ 6. Bd2 a5 7. 0-0 0-0 8. Nc3 d6 9. a3 Bxc3 10. Bxc3 a4 11. b4 axb3 12. Qxb3 Ne4 13. Bb2 Nc6 14. Qc2 Na5 15. Nh4 f5 16. d5 Qe8 17. f3 Nc5 18. e4 fxe4 19. fxe4 Qa4 20. Qc3 e5 21. Rac1 Ba6 22. Qe3 Nxc4 23. Rxc4 Bxc4 24. Rxf8+ Rxf8 25. h3 Qd1+ 26. Kh2 Qe2 27. Qg5 Nxe4 0-1

[Event "Mersin op 5th"]
[Site "Mersin"]
[Date "2021.11.18"]
[Round "4"]
[White "Kazimova, Narmin Nizami Qizi"]
[Black "Atabayev, Yusup"]
[Result "0-1"]
[WhiteElo "2217"]
[BlackElo "2415"]
[PlyCount "104"]
[EventDate "2021.11.16"]
[EventType "swiss"]
[EventRounds "9"]
[EventCountry "TUR"]
[SourceTitle "CBM 205 Extra"]
[Source "ChessBase"]
[SourceDate "2022.01.31"]
[SourceVersion "1"]
[SourceVersionDate "2022.01.31"]
[SourceQuality "1"]

1. c4 c5 2. Nf3 Nc6 3. Nc3 e5 4. g3 g6 5. Bg2 d6 6. d3 Bg7 7. Nd2 h5 8. h4 Nge7 9. Nf1 Be6 10. Ne3 a6 11. Ned5 Bxd5 12. Nxd5 Nxd5 13. Bxd5 Qd7 14. Bg5 Rb8 15. 0-0 f6 16. Bd2 g5 17. hxg5 h4 18. Bg2 Ke7 19. f4 hxg3 20. f5 fxg5 21. e3 Bf6 22. Qg4 Rbg8 23. Be1 Rh4 24. Qxg3 e4 25. Bxe4 Ne5 26. Qg2 Kf8 27. Bg3 Ng4 28. Rf3 Ne5 29. Rff1 Qe7 30. Kf2 Rg4 31. Rac1 Nxd3+ 32. Bxd3 Be5 33. Qh3 Rxg3 34. Qh6+ Bg7 35. Qe6 Qxe6 36. fxe6 Be5 37. Ke2+ Ke7 38. Be4 Rg7 39. Bxb7 Kxe6 40. Bd5+ Ke7 41. Rf2 Rh3 42. Rcf1 g4 43. b3 g3 44. Rf7+ Rxf7 45. Rxf7+ Ke8 46. Kf3 Rh2 47. Rf5 Rf2+ 48. Ke4 g2 49. Rg5 Bh2 50. Rg8+ Ke7 51. Rg7+ Kf6 52. Rf7+ Kg6 0-1

[Event "TUR-chT 1st League"]
[Site "Konya"]
[Date "2019.07.27"]
[Round "8.9"]
[White "Kazimova, Narmin Nizami Qizi"]
[Black "Doluhanova, Evgeniya"]
[Result "0-1"]
[WhiteElo "2256"]
[BlackElo "2314"]
[PlyCount "40"]
[EventDate "2019.07.22"]
[EventType "team-swiss"]
[EventRounds "9"]
[EventCountry "TUR"]
[SourceTitle "CBM 191 Extra"]
[Source "ChessBase"]
[SourceDate "2019.09.30"]
[SourceVersion "1"]
[SourceVersionDate "2019.09.30"]
[SourceQuality "1"]
[WhiteTeam "Yalova Belediye"]
[BlackTeam "Karaman Saglik"]
[WhiteTeamCountry "TUR"]
[BlackTeamCountry "TUR"]

1. Nf3 Nf6 2. c4 e6 3. Nc3 Bb4 4. g3 b6 5. Bg2 Bb7 6. 0-0 0-0 7. Qc2 d5 8. a3 Bxc3 9. Qxc3 c5 10. d3 Nc6 11. Bg5 dxc4 12. Qxc4 h6 13. Bd2 Rc8 14. Qh4 Ne7 15. g4 c4 16. dxc4 Ne4 17. Be3 Rxc4 18. Ne5 Rc2 19. Bxe4 Bxe4 20. Qg3 Nd5 0-1

[Event "TUR-chT 1st League"]
[Site "Konya"]
[Date "2019.07.24"]
[Round "4.8"]
[White "Kazimova, Narmin Nizami Qizi"]
[Black "Velikic, Adela"]
[Result "1/2-1/2"]
[WhiteElo "2256"]
[BlackElo "2306"]
[PlyCount "47"]
[EventDate "2019.07.22"]
[EventType "team-swiss"]
[EventRounds "9"]
[EventCountry "TUR"]
[SourceTitle "CBM 191 Extra"]
[Source "ChessBase"]
[SourceDate "2019.09.30"]
[SourceVersion "1"]
[SourceVersionDate "2019.09.30"]
[SourceQuality "1"]
[WhiteTeam "Yalova Belediye"]
[BlackTeam "Olbia Satranc"]
[WhiteTeamCountry "TUR"]
[BlackTeamCountry "TUR"]

1. c4 e5 2. Nc3 c5 3. g3 g6 4. Bg2 Bg7 5. Nf3 Ne7 6. 0-0 Nbc6 7. d3 0-0 8. Ne1 d6 9. Nc2 Be6 10. Ne3 Qd7 11. a3 Bh3 12. Rb1 Bxg2 13. Kxg2 f5 14. Ned5 Nxd5 15. Nxd5 f4 16. f3 g5 17. e3 Rae8 18. b4 b6 19. Bd2 fxe3 20. Bxe3 g4 21. fxg4 Rxf1 22. Qxf1 Qxg4 23. Nf6+ Bxf6 24. Qxf6 1/2-1/2

[Event "Mersin op 3rd"]
[Site "Mersin"]
[Date "2018.09.10"]
[Round "3"]
[White "Rasulov, Vugar Ural Oglu"]
[Black "Kazimova, Narmin Nizami Qizi"]
[Result "1/2-1/2"]
[WhiteElo "2527"]
[BlackElo "2264"]
[PlyCount "115"]
[EventDate "2018.09.09"]
[EventType "swiss"]
[EventRounds "9"]
[EventCountry "TUR"]
[SourceTitle "CBM 186 Extra"]
[Source "ChessBase"]
[SourceDate "2018.08.24"]
[SourceVersion "1"]
[SourceVersionDate "2018.08.24"]
[SourceQuality "1"]

1. d4 Nf6 2. Bf4 e6 3. Nc3 d5 4. Qd2 a6 5. f3 c5 6. e3 Nc6 7. g4 Be7 8. Nge2 b5 9. Kf2 g5 10. Bg3 h5 11. gxh5 Rxh5 12. Kg2 Bb7 13. h3 Qd7 14. a4 b4 15. Nd1 Bd6 16. Nf2 c4 17. b3 c3 18. Qe1 Ne7 19. Bxd6 Qxd6 20. Ng3 Ng6 21. Nd3 Rh6 22. a5 Bc6 23. Kf2 Ke7 24. Nc5 Be8 25. Bd3 Nd7 26. Na4 Nh4 27. Ke2 f6 28. Qf2 Qc7 29. e4 Ng6 30. exd5 Nf4+ 31. Kf1 Nxd3 32. cxd3 Qxa5 33. dxe6 Nf8 34. d5 Qxd5 35. Nb6 Qxd3+ 36. Kg2 Ng6 37. Qc5+ Kxe6 38. Nxa8 Nh4+ 39. Kg1 Nxf3+ 40. Kf2 Ne5 41. Nc7+ Kf7 42. Qd5+ Qxd5 43. Nxd5 Bc6 44. Nf5 Rh8 45. Nfe7 Bb7 46. Ke3 Ke6 47. Ra5 Rh7 48. Rf1 Rxh3+ 49. Kd4 Bxd5 50. Rxa6+ Kxe7 51. Kxd5 Rd3+ 52. Ke4 c2 53. Ra7+ Ke6 54. Ra6+ Ke7 55. Ra7+ Ke6 56. Ra6+ Ke7 57. Ra7+ Ke6 58. Ra6+ 1/2-1/2

[Event "Ankara Baskent Univ op-A 3rd"]
[Site "Ankara"]
[Date "2018.08.29"]
[Round "5"]
[White "Kazimova, Narmin Nizami Qizi"]
[Black "Buker, Muhittin"]
[Result "1-0"]
[WhiteElo "2270"]
[BlackElo "1959"]
[PlyCount "105"]
[EventDate "2018.08.27"]
[EventType "swiss"]
[EventRounds "9"]
[EventCountry "TUR"]
[SourceTitle "CBM 187 Extra"]
[Source "ChessBase"]
[SourceDate "2018.11.04"]
[SourceVersion "1"]
[SourceVersionDate "2018.11.04"]
[SourceQuality "1"]

1. c4 e5 2. Nc3 Nc6 3. Nf3 g6 4. g3 Bg7 5. Bg2 Nge7 6. 0-0 0-0 7. e4 d6 8. d3 h6 9. Nd5 Be6 10. Bd2 a5 11. a3 Nd4 12. Nxd4 exd4 13. f4 c5 14. Nxe7+ Qxe7 15. f5 Bd7 16. Qf3 Qf6 17. g4 Bc6 18. g5 hxg5 19. Qg4 Qe7 20. Bxg5 f6 21. Bd2 g5 22. h4 gxh4 23. Kf2 Rf7 24. Rh1 Kf8 25. b4 cxb4 26. axb4 a4 27. b5 Bd7 28. Rxh4 Ke8 29. Qd1 a3 30. Qb3 Bf8 31. Rxa3 Rb8 32. Ra1 Rh7 33. Rxh7 Qxh7 34. Rh1 Qg8 35. Qa4 Kd8 36. Qa7 Kc8 37. Ba5 Qg5 38. Qxd4 b6 39. Bb4 Qf4+ 40. Bf3 Ra8 41. Qb2 Bh6 42. Bd2 Qxd2+ 43. Qxd2 Bxd2 44. Rh8+ Kb7 45. e5+ Kc7 46. Rxa8 dxe5 47. Ra7+ Kc8 48. c5 Ba5 49. c6 Bxf5 50. c7 Bb4 51. Bb7+ Kxc7 52. Be4+ Kb8 53. Ra8+ 1-0

[Event "TUR-chT 1st League"]
[Site "Konya"]
[Date "2018.07.19"]
[Round "5.8"]
[White "Magalashvili, Davit"]
[Black "Kazimova, Narmin Nizami Qizi"]
[Result "1-0"]
[WhiteElo "2508"]
[BlackElo "2299"]
[PlyCount "50"]
[EventDate "2018.07.16"]
[EventType "team-swiss"]
[EventRounds "9"]
[EventCountry "TUR"]
[SourceTitle "EXT 2019"]
[Source "ChessBase"]
[SourceDate "2018.10.10"]
[SourceVersion "1"]
[SourceVersionDate "2018.10.10"]
[SourceQuality "1"]
[WhiteTeam "Burdurspor Dernegi"]
[BlackTeam "Karman Masterler"]
[WhiteTeamCountry "TUR"]
[BlackTeamCountry "TUR"]

1. Nf3 c5 2. c4 Nc6 3. g3 e5 4. Nc3 Nf6 5. Bg2 d6 6. d3 Be7 7. Bg5 Be6 8. Bxf6 Bxf6 9. 0-0 0-0 10. Ne1 Qd7 11. Nc2 Rae8 12. Nd5 Bd8 13. b4 cxb4 14. Ncxb4 Nxb4 15. Nxb4 Bh3 16. Nd5 Bxg2 17. Kxg2 Qe6 18. e4 Qh6 19. h4 f5 20. exf5 Rxf5 21. Rb1 Bxh4 22. Rh1 Bg5 23. Rxh6 Bxh6 24. Qe2 Bg5 25. Qe4 g6 1-0

[Event "Kahramanmaras op 9th"]
[Site "Kahramanmaras"]
[Date "2018.04.08"]
[Round "9"]
[White "Kazimova, Narmin Nizami Qizi"]
[Black "Rasulov, Vugar Ural Oglu"]
[Result "0-1"]
[WhiteElo "2296"]
[BlackElo "2511"]
[PlyCount "138"]
[EventDate "2018.04.03"]
[EventType "swiss"]
[EventRounds "9"]
[EventCountry "TUR"]
[SourceTitle "CBM 183 Extra"]
[Source "ChessBase"]
[SourceDate "2018.04.19"]
[SourceVersion "1"]
[SourceVersionDate "2018.04.19"]
[SourceQuality "1"]

1. c4 b6 2. Nf3 Bb7 3. Nc3 Nf6 4. g3 g6 5. Bg2 Bg7 6. 0-0 0-0 7. d4 e6 8. Qc2 d6 9. e4 Qe7 10. Bd2 Nbd7 11. b4 c5 12. bxc5 bxc5 13. d5 Nb6 14. Nb5 exd5 15. exd5 Qe4 16. Rac1 Qxc2 17. Rxc2 Ba6 18. Rb1 Ne4 19. Bf4 Bxb5 20. Rxb5 Rfe8 21. Rb3 h6 22. h4 Re7 23. Nd2 Nxd2 24. Bxd2 h5 25. a4 Rae8 26. a5 Nd7 27. Be3 Bd4 28. Rb7 Bxe3 29. fxe3 Ne5 30. Rb3 Ng4 31. e4 Nf6 32. a6 Kg7 33. Rb7 Ng4 34. Rcb2 Kf6 35. Bh3 Ne5 36. Bf1 Rxb7 37. Rxb7 Re7 38. Rb8 Nd7 39. Rb7 Nb6 40. Rb8 Ke5 41. Rd8 Nd7 42. Bh3 Nb6 43. Bf1 Kd4 44. Rxd6 Nxc4 45. Bxc4 Kxc4 46. Rf6 Kd4 47. Rc6 c4 48. Kf2 c3 49. d6 Rd7 50. Kf3 f6 51. Kf4 Rd8 52. Kf3 g5 53. g4 hxg4+ 54. Kxg4 gxh4 55. Kxh4 Kxe4 56. Rxc3 Rxd6 57. Ra3 Kd5 58. Kg4 Kc5 59. Rb3 Rxa6 60. Rb7 Ra1 61. Rf7 a5 62. Rxf6 Rg1+ 63. Kh3 a4 64. Rf4 Kb5 65. Rf5+ Kb4 66. Rf4+ Kb3 67. Rf3+ Kb2 68. Rf2+ Kb1 69. Kh2 Rc1 0-1

[Event "TUR-chT 1st League"]
[Site "Konya"]
[Date "2017.07.23"]
[Round "9.10"]
[White "Kazimova, Narmin Nizami Qizi"]
[Black "Tereladze, Sopiko"]
[Result "1-0"]
[WhiteElo "2274"]
[BlackElo "2143"]
[PlyCount "31"]
[EventDate "2017.07.17"]
[EventType "team-swiss"]
[EventRounds "9"]
[EventCountry "TUR"]
[SourceTitle "EXT 2018"]
[Source "ChessBase"]
[SourceDate "2017.10.13"]
[SourceVersion "1"]
[SourceVersionDate "2017.10.13"]
[SourceQuality "1"]
[WhiteTeam "Boranlar Mersin Toyota"]
[BlackTeam "Kocaeli Buyuksehir"]
[WhiteTeamCountry "TUR"]
[BlackTeamCountry "TUR"]

1. Nf3 Nf6 2. c4 e6 3. Nc3 d5 4. d4 Be7 5. Bf4 0-0 6. e3 b6 7. cxd5 exd5 8. Bd3 Bb7 9. 0-0 Nbd7 10. Rc1 c6 11. a3 Re8 12. Ne5 Nf8 13. Bg3 Bd6 14. f4 Qe7 15. Z0 Rac8 16. Bh4 1-0